Bond portfolio immunization in MS Excel
Gespeichert in:
| 1. Verfasser: | |
|---|---|
| Format: | Buchkapitel |
| Sprache: | Slowakisch |
| Schlagworte: | |
| Tags: |
Keine Tags, Fügen Sie das erste Tag hinzu!
|
MARC
| LEADER | 00000nla a2200000 4500 | ||
|---|---|---|---|
| 001 | 0208588 | ||
| 005 | 20240502073451.2 | ||
| 041 | 0 | |a slo | |
| 044 | |a SK | ||
| 245 | 1 | 0 | |a Bond portfolio immunization in MS Excel |c Andrea Kaderová |
| 500 | |a Abstrakt | ||
| 610 | 2 | 0 | |a dlhopisy |
| 610 | 2 | 0 | |a portfólio |
| 610 | 2 | 0 | |a stratégia investičná |
| 610 | 2 | 0 | |a matematika finančná |
| 610 | 2 | 0 | |a sadzby úrokové |
| 610 | 2 | 0 | |a investície |
| 100 | 1 | |a Kaderová, Andrea | |